000 00501nam a2200205Ia 4500
005 20260603110907.0
008 131103s9999 xx 000 0 und d
040 _aLoreto College
041 _aEnglish
082 _a843
_bDUM
100 _aDumas, Alexandre
245 _aLes trois mousquetaires
_cAlexandre Dumas
260 _aLondon
_bHachette
_c1950
300 _a254p.
440 _aBibliotheque verte
504 _aTome-2
650 _aFrench - fiction
850 _aLCLIB
942 _cBK
999 _c23928
_d74407